000
00302nam a22001217a 4500
008
260424b |||||||| |||| 00| 0 eng d
082
_a
00187
100
_a
S, Gurumurthy
245
_a
Kadambaru, Samagra Avalokana
260
_a
Bangalore
_b
Sri Bharatvani Prakashan
_c
2020
300
_a
322p
942
_2
ddc
999
_c
1332
_d
1332